|
|
|
|
| LEADER |
00000nam0a2200000 4500 |
| 001 |
106077 |
| 005 |
20231031114744.0 |
| 035 |
|
|
|a (RuTPU)RU\TPU\book\114472
|
| 090 |
|
|
|a 106077
|
| 100 |
|
|
|a 20061130d1976 m y0rusy50 ca
|
| 101 |
0 |
|
|a rus
|
| 102 |
|
|
|a RU
|
| 105 |
|
|
|a a j 000zy
|
| 200 |
1 |
|
|a Управление газовыделением в угольных шахтах
|e конспект лекций
|f А. Н. Веденин
|g Ленинградский горный институт им. Г. В. Плеханова
|
| 210 |
|
|
|a Ленинград
|c Изд-во Ленинградского горного института
|d 1976
|
| 215 |
|
|
|a 67 с.
|c ил.
|
| 610 |
1 |
|
|a горное дело
|
| 610 |
1 |
|
|a угольные шахты
|
| 610 |
1 |
|
|a газовыделение
|
| 610 |
1 |
|
|a управление
|
| 610 |
1 |
|
|a учебные пособия
|
| 675 |
|
|
|a 622.411(075.8)
|v 3
|
| 700 |
|
1 |
|a Веденин
|b А. Н.
|
| 712 |
0 |
2 |
|a Ленинградский горный институт им. Г. В. Плеханова
|2 stltpush
|3 (RuTPU)RU\TPU\col\1021
|
| 801 |
|
1 |
|a RU
|b 63413507
|c 20061130
|g PSBO
|
| 801 |
|
2 |
|a RU
|b 63413507
|c 20090318
|g PSBO
|
| 942 |
|
|
|c BK
|